000 00315 a2200157 4500
001 163521
020 _a
040 _cMagnum
100 _aWheatley, Jonathan
240 1 0 _aThe visitor
_lING
245 1 0 _aThe visitor
362 0 _a1899
440 1 _aÁtica
697 _aLITERATURA ESTRANGEIRA
942 _cBK
999 _c163521
_d163521